[Event "37th World Junior Girls"]
[Site "New Delhi IND"]
[Date "2019.10.18"]
[Round "5.28"]
[White "Lakshmi, C"]
[Black "Blazeka, Mihaela"]
[Result "1-0"]
[WhiteTitle "WFM"]
[BlackTitle "WFM"]
[WhiteElo "1859"]
[BlackElo "2109"]
[WhiteFideId "25035347"]
[BlackFideId "14528576"]
[EventDate "2019.10.15"]

1. e4 e5 2. Nf3 Nc6 3. Bb5 a6 4. Ba4 Nf6 5. O-O Be7 6. Re1 b5 7. Bb3 d6 8. c3
O-O 9. h3 Nb8 10. d4 Nbd7 11. Nbd2 Bb7 12. Bc2 c5 13. d5 c4 14. Nf1 Nc5 15. Ng3
g6 16. Nh2 Re8 17. f4 exf4 18. Bxf4 Bf8 19. Kh1 Bg7 20. Qd2 Qe7 21. Bg5 h5 22.
Nf3 Ncd7 23. Rf1 Qf8 24. Nd4 Kh7 25. a4 Re5 26. h4 Qb8 27. axb5 axb5 28. Rxa8
Bxa8 29. Nc6 Bxc6 30. dxc6 Qf8 31. cxd7 Nxd7 32. Rd1 Re6 33. Nf5 f6 34. Nxg7
Qxg7 35. Bf4 Ne5 36. Qd5 Qe7 37. Ra1 Ng4 38. Qd4 Qd8 39. Ra7+ Re7 40. Rxe7+ Qxe7
41. Bxd6 Qb7 42. Bd1 Qxe4 43. Qxe4 Nf2+ 44. Kg1 Nxe4 45. Be7 Kg7 46. Bf3 Ng3 47.
Bc5 Nf5 48. Bf2 Kf7 49. Bc6 Nd6 50. Bg3 1-0

[Event "37th World Junior Girls"]
[Site "New Delhi IND"]
[Date "2019.10.18"]
[Round "5.33"]
[White "Rindhiya, V"]
[Black "Harshini, A"]
[Result "0-1"]
[BlackTitle "WFM"]
[WhiteElo "1817"]
[BlackElo "2230"]
[WhiteFideId "25040529"]
[BlackFideId "25008986"]
[EventDate "2019.10.15"]

1. e4 e5 2. Nf3 Nc6 3. Bc4 Bc5 4. c3 Nf6 5. d4 exd4 6. cxd4 Bb4+ 7. Bd2 Bxd2+ 8.
Nbxd2 d5 9. exd5 Nxd5 10. Qb3 Nce7 11. O-O O-O 12. Rfe1 c6 13. Ne4 Rb8 14. Ne5
Qb6 15. Nc3 Qxb3 16. Bxb3 Be6 17. Ne4 Rbd8 18. Rad1 h6 19. h3 g6 20. Nf3 Kg7 21.
Nc3 Nf4 22. Bxe6 Nxe6 23. Rd2 Rd7 24. Red1 Rfd8 25. Kf1 g5 26. Ne4 b6 27. Ng3 f6
28. Nh5+ Kf7 29. g4 Rd5 30. Ke2 Ng6 31. Kf1 Ngf4 32. Nxf4 Nxf4 33. h4 gxh4 34.
Nxh4 h5 35. f3 c5 36. Nf5 Ne6 37. Re1 hxg4 38. fxg4 Nxd4 39. Nxd4 Rxd4 40. Rg2
Rg8 41. Re3 Rgxg4 42. Rf2 Rgf4 43. Rxf4 Rxf4+ 44. Ke1 f5 45. Kd1 Rd4+ 46. Kc2
Kf6 47. Ra3 Rd7 48. Rf3 Kg5 49. Rg3+ Kf4 50. Rg1 Ke3 51. Re1+ Kf2 52. Re5 f4 53.
Rf5 f3 54. a3 Ke2 55. Re5+ Kf1 56. Rf5 f2 57. a4 Rg7 0-1

[Event "37th World Junior Girls"]
[Site "New Delhi IND"]
[Date "2019.10.18"]
[Round "5.37"]
[White "Tsotsonava, Elene"]
[Black "Dahampriya, H K T Dewnethmie"]
[Result "1-0"]
[WhiteElo "1905"]
[BlackElo "1629"]
[WhiteFideId "13615939"]
[BlackFideId "9931180"]
[EventDate "2019.10.15"]

1. e4 c5 2. Nf3 d6 3. d4 cxd4 4. Nxd4 Nf6 5. Nc3 a6 6. Bg5 e6 7. f4 h6 8. Bh4
Qb6 9. a3 Be7 10. Bf2 Qc7 11. Bd3 Nbd7 12. Qe2 b5 13. O-O-O Bb7 14. Kb1 Nc5 15.
Nb3 Rb8 16. e5 Nd5 17. Bxb5+ Kf8 18. Nxd5 Bxd5 19. Bxc5 axb5 20. exd6 Bxd6 21.
Qe5 Qxc5 22. Nxc5 Bxe5 23. fxe5 Rc8 24. Nd7+ Ke7 25. Nb6 Rcd8 26. Nxd5+ Rxd5 27.
Rxd5 exd5 28. Rd1 Ke6 29. Rd4 Kxe5 30. Rb4 Rb8 31. a4 Kd6 32. c3 Kc5 33. Kc2 Rb6
34. axb5 Rxb5 35. Rxb5+ Kxb5 36. Kd3 Kc6 37. Kd4 Kd6 38. b4 f5 39. b5 g5 40. b6
f4 41. b7 Kc7 42. Kxd5 Kxb7 43. Ke5 Kc6 44. Kf5 Kd5 45. h3 Kc4 1-0

[Event "37th World Junior Girls"]
[Site "New Delhi IND"]
[Date "2019.10.18"]
[Round "5.45"]
[White "Shivika, Rohilla"]
[Black "Figueroa Bernal, Julia Dennis"]
[Result "1/2-1/2"]
[BlackTitle "WCM"]
[WhiteElo "1721"]
[BlackElo "1777"]
[WhiteFideId "45015414"]
[BlackFideId "3435300"]
[EventDate "2019.10.15"]

1. e4 c5 2. Nf3 e6 3. d4 cxd4 4. Nxd4 a6 5. c4 Nf6 6. Nc3 Bb4 7. Qd3 Qa5 8. Bd2
O-O 9. Nc2 Nc6 10. a3 Be7 11. b4 Qc7 12. f4 d6 13. Be2 Bd7 14. O-O Rfd8 15. Be3
Rac8 16. Rfd1 Nb8 17. Bd2 Bc6 18. Ne3 b6 19. Rac1 Qa7 20. Be1 Nbd7 21. Bf2 Qa8
22. Bf3 g6 23. Nf1 Ne8 24. Qe2 Bf6 25. Nd2 Bb7 26. Na4 Qa7 27. Qe3 Qa8 28. Nxb6
Nxb6 29. Qxb6 e5 30. Qe3 Ng7 31. Bg4 Rb8 32. fxe5 Bxe5 33. Bf3 Ne6 34. Qb3 Nd4
35. Bxd4 Bxd4+ 36. Kh1 Be5 37. Qd3 Bc6 38. g3 Kg7 39. Kg2 h5 40. h4 Re8 41. Re1
Re7 42. Re2 Rbe8 43. Rce1 Kg8 44. Nb3 Qa7 45. Qe3 Qc7 46. Na5 Ba8 47. Qd3 Kg7
48. Nb3 Qa7 49. Qe3 Qc7 50. Qd3 Qa7 51. c5 Rd7 52. Rd1 Bc6 53. Qc2 dxc5 54. Rxd7
Qxd7 55. Nxc5 Qe7 56. a4 Bd6 57. Nd3 Qb7 58. Qb2+ Kg8 59. Qd4 Bf8 60. Nc5 Bxc5
61. bxc5 Qb3 62. a5 Qa3 63. Qd6 Bb5 64. Rd2 Qxa5 65. c6 Bxc6 66. Rd4 Bb5 67. g4
hxg4 68. Bxg4 Qe1 69. Qf6 Rxe4 70. Rd8+ Re8 71. Rxe8+ Qxe8 72. h5 Qe4+ 73. Bf3
Qc2+ 74. Kg3 Qc7+ 75. Kg2 Qc2+ 76. Kg3 Qc7+ 77. Kg2 Qc2+ 1/2-1/2

[Event "37th World Junior Girls"]
[Site "New Delhi IND"]
[Date "2019.10.19"]
[Round "6.1"]
[White "Altantuya, Boldbaatar"]
[Black "Alinasab, Mobina"]
[Result "0-1"]
[WhiteTitle "WFM"]
[BlackTitle "WIM"]
[WhiteElo "2277"]
[BlackElo "2239"]
[WhiteFideId "4902785"]
[BlackFideId "12528897"]
[EventDate "2019.10.15"]

1. d4 Nf6 2. Nf3 e6 3. c4 d5 4. Nc3 c6 5. e3 Nbd7 6. Bd3 dxc4 7. Bxc4 b5 8. Bd3
Bb7 9. O-O a6 10. e4 c5 11. d5 e5 12. Ne2 c4 13. Bc2 Bc5 14. Ng3 g6 15. Qe2 Qb6
16. Bd2 h5 17. Rfd1 Ng4 18. Be1 h4 19. Nf1 h3 20. Ng5 hxg2 21. Qxg4 gxf1=Q+ 22.
Kxf1 Rxh2 23. Kg1 Rh5 24. Nxf7 Qf6 25. Qe6+ Kf8 26. Qxf6 Nxf6 27. Nxe5 Rxe5 28.
Bc3 Rg5+ 29. Kf1 Kf7 30. Ke2 Re8 31. Kf3 Rh5 32. Rh1 b4 33. Bd2 Reh8 34. Rxh5
Rxh5 35. Kg2 g5 36. f3 a5 37. Bd1 Bd4 38. Rb1 Rh8 39. Be2 Be5 0-1

[Event "37th World Junior Girls"]
[Site "New Delhi IND"]
[Date "2019.10.19"]
[Round "6.2"]
[White "Tsolakidou, Stavroula"]
[Black "Divya, Deshmukh"]
[Result "1/2-1/2"]
[WhiteTitle "IM"]
[BlackTitle "WIM"]
[WhiteElo "2431"]
[BlackElo "2358"]
[WhiteFideId "4264312"]
[BlackFideId "35006916"]
[EventDate "2019.10.15"]

1. d4 Nf6 2. c4 e6 3. g3 d5 4. Bg2 Be7 5. Nf3 O-O 6. O-O dxc4 7. Qc2 c6 8. Qxc4
b5 9. Qd3 Bb7 10. Nc3 Nbd7 11. Be3 h6 12. Rfd1 Nd5 13. Ne4 Qb6 14. Rac1 Rfd8 15.
h4 Rac8 16. Qd2 Nxe3 17. Qxe3 Qa6 18. a3 c5 19. dxc5 Bxe4 20. Qxe4 Bxc5 21. Ne1
Qb6 22. Nd3 Bd4 23. Rxc8 Rxc8 24. e3 Bf6 25. b4 g6 26. Rc1 Rxc1+ 27. Nxc1 Qa6
28. Qc6 Qxa3 29. Ne2 Ne5 30. Qxb5 Nd3 31. Be4 Qa1+ 32. Kg2 Ne1+ 33. Kh2 Qa2 34.
Kg1 Qa1 35. Kh2 Qa2 36. Kg1 Qa1 1/2-1/2

[Event "37th World Junior Girls"]
[Site "New Delhi IND"]
[Date "2019.10.19"]
[Round "6.13"]
[White "Vantika, Agrawal"]
[Black "Katkov, Michelle"]
[Result "1-0"]
[WhiteTitle "WIM"]
[BlackTitle "WFM"]
[WhiteElo "2283"]
[BlackElo "2106"]
[WhiteFideId "25050389"]
[BlackFideId "2816393"]
[EventDate "2019.10.15"]

1. Nf3 Nf6 2. g3 d5 3. Bg2 Bg4 4. c4 c6 5. Ne5 Bf5 6. cxd5 cxd5 7. Qa4+ Bd7 8.
Nxd7 Qxd7 9. Qxd7+ Kxd7 10. Nc3 e6 11. d3 Nc6 12. O-O Bb4 13. a3 Bd6 14. e4 Ne7
15. Be3 Rhc8 16. h3 Bc5 17. Bd2 Ke8 18. Rac1 Bb6 19. Rfe1 Rd8 20. e5 Nd7 21. Nb5
Kf8 22. Bb4 Rac8 23. d4 Rxc1 24. Rxc1 a6 25. Nd6 a5 26. Bc3 Rb8 27. Bf1 Nc6 28.
Nb5 Ke7 29. Kg2 Nf8 30. Bd3 Kd7 31. f4 h5 32. g4 hxg4 33. hxg4 Ng6 34. Rf1 Ke7
35. f5 Nf8 36. Rh1 exf5 37. gxf5 g6 38. f6+ Kd7 39. Be2 Ne6 40. Bg4 Rf8 41. Rh7
Nd8 42. a4 Kc6 43. b3 Ng5 44. Rh1 Nde6 45. Bd2 Ne4 46. Bxe6 fxe6 47. Bh6 Rf7 48.
Bg7 Kd7 49. Rh6 g5 50. Kf3 1-0

[Event "37th World Junior Girls"]
[Site "New Delhi IND"]
[Date "2019.10.19"]
[Round "6.29"]
[White "Ulziikhishigjargal, Ochirkhuyag"]
[Black "Bakshi, Rutuja"]
[Result "0-1"]
[WhiteTitle "FM"]
[WhiteElo "2194"]
[BlackElo "2029"]
[WhiteFideId "4903188"]
[BlackFideId "5016509"]
[EventDate "2019.10.15"]

1. e4 e6 2. d4 d5 3. Nd2 a6 4. Ngf3 c5 5. exd5 exd5 6. dxc5 Bxc5 7. Bd3 Nf6 8.
Nb3 Bb6 9. O-O O-O 10. h3 Nc6 11. c3 Qd6 12. Nbd4 Nxd4 13. cxd4 Ne4 14. Re1 Re8
15. Be3 Bf5 16. Qb3 Ba5 17. Rec1 Rab8 18. Rc2 Re7 19. Rac1 Rbe8 20. Qa4 Bb6 21.
Ne5 f6 22. Bxe4 Bxe4 23. Rc8 Rd8 24. Ng4 Bf5 25. Rxd8+ Bxd8 26. Nh2 Bc7 27. Nf1
Bd3 28. Qb3 Bb5 29. a4 Bc6 30. Qc2 Qd7 31. b3 Bb8 32. Qd2 Qd6 33. Re1 Re8 34. g3
Qe6 35. h4 Qf5 36. Qc1 Re4 37. Nd2 Rg4 38. Qb1 Qh5 39. Nf1 Bd7 40. Qd1 Qxh4 41.
Qf3 Be6 42. Bf4 Bc7 43. Rxe6 Bxf4 44. Qc3 Rg5 45. Qc7 0-1

[Event "37th World Junior Girls"]
[Site "New Delhi IND"]
[Date "2019.10.19"]
[Round "6.32"]
[White "Ferkova, Dominika"]
[Black "Savitha, Shri B"]
[Result "1-0"]
[WhiteTitle "WFM"]
[BlackTitle "WFM"]
[WhiteElo "2096"]
[BlackElo "1916"]
[WhiteFideId "14933071"]
[BlackFideId "35061887"]
[EventDate "2019.10.15"]

1. d4 Nf6 2. c4 e6 3. Nc3 Bb4 4. e3 O-O 5. Bd3 d5 6. Ne2 c5 7. cxd5 Nxd5 8. O-O
Nc6 9. Nxd5 Qxd5 10. a3 Ba5 11. Nf4 Qd6 12. Qh5 f5 13. dxc5 Qxc5 14. b4 Qe5 15.
Rb1 Bd8 16. Bb2 Qc7 17. Bc4 Qf7 18. Qxf7+ Kxf7 19. b5 Ne7 20. Rfd1 Bc7 21. Ne2
Ng6 22. Rbc1 Bb8 23. Bb3 Re8 24. f4 Nf8 25. Nd4 Ke7 26. Nf3 g6 27. Be5 Bd7 28.
a4 Rc8 29. Kf2 Bxe5 30. Nxe5 Be8 31. Nd3 Nd7 32. Kf3 a6 33. bxa6 bxa6 34. a5 Nf6
35. Nc5 Bc6+ 36. Kg3 Ne4+ 37. Nxe4 Bxe4 38. Bc4 Rc5 39. Be2 Rxa5 40. Rc7+ Kf6
41. Rdd7 Rf8 42. Ra7 Ra2 43. Bf3 h5 44. h4 Ra3 45. Kf2 a5 46. Rh7 Ra1 47. Kg3
Ra2 48. Rhc7 Ra3 49. Kf2 Ra1 50. Rc5 a4 51. Bxe4 fxe4 52. Rc4 Rb8 53. Rcc7 Rf8
54. Rc4 Rd8 55. Rcc7 Rf8 56. Rc4 a3 57. Rxe4 Kf5 58. Rea4 Kg4 59. f5+ Kxf5 60.
Rf4+ Ke5 61. Ra5+ Kd6 62. Rxf8 1-0

[Event "37th World Junior Girls"]
[Site "New Delhi IND"]
[Date "2019.10.19"]
[Round "6.46"]
[White "Reid, Caitlin"]
[Black "Lohani, Sujana"]
[Result "0-1"]
[BlackTitle "WFM"]
[WhiteElo "1489"]
[BlackElo "1671"]
[WhiteFideId "2405059"]
[BlackFideId "12311987"]
[EventDate "2019.10.15"]

1. e4 d6 2. d4 Nf6 3. Nc3 g6 4. Bg5 Bg7 5. Qd2 h6 6. Be3 Ng4 7. Bc4 O-O 8. O-O-O
Nxe3 9. Qxe3 Nd7 10. f4 Kh7 11. g4 c5 12. Nf3 cxd4 13. Nxd4 e5 14. Nf3 Nb6 15.
Be2 Bxg4 16. fxe5 Bxf3 17. Rxd6 Qc7 18. Qxf3 Bxe5 19. Nb5 Qc5 20. Rd2 a6 21. Nc3
Rac8 22. Nd5 Rc6 23. h4 Nxd5 24. exd5 Rf6 25. Qe4 Bf4 26. h5 Kg7 27. hxg6 fxg6
28. Rd1 Qe3 29. Qc4 b5 30. Qd3 Rd8 31. Kb1 Qc5 32. Qd4 Qe7 33. Rd3 Qxe2 34. Rc3
Be5 35. Re3 Bxd4 36. Rxe2 Bc5 37. a3 h5 38. b4 Bd6 39. Kb2 g5 40. Kb3 h4 41. Rd3
g4 42. Re4 Rg6 43. c4 bxc4+ 44. Rxc4 g3 45. Rdd4 h3 46. Rc6 g2 47. Rxa6 g1=Q 48.
Ra7+ Kg8 49. Rc4 Qxa7 0-1

[Event "37th World Junior Girls"]
[Site "New Delhi IND"]
[Date "2019.10.21"]
[Round "7.1"]
[White "Alinasab, Mobina"]
[Black "Tsolakidou, Stavroula"]
[Result "1/2-1/2"]
[WhiteTitle "WIM"]
[BlackTitle "IM"]
[WhiteElo "2239"]
[BlackElo "2431"]
[WhiteFideId "12528897"]
[BlackFideId "4264312"]
[EventDate "2019.10.15"]

1. e4 c5 2. Nf3 e6 3. d4 cxd4 4. Nxd4 Nc6 5. Nc3 Qc7 6. Be3 a6 7. Qf3 Ne5 8. Qg3
Bd6 9. f4 Ng6 10. e5 Bb4 11. O-O-O Bxc3 12. bxc3 N8e7 13. c4 O-O 14. h4 h5 15.
Qf3 d6 16. exd6 Qxd6 17. Nb3 Qc7 18. Bc5 Rd8 19. Rxd8+ Qxd8 20. Qxh5 Nf5 21. Qf3
e5 22. fxe5 Bd7 23. Qc3 Nfxh4 24. Qg3 Nf5 25. Qh2 Qg5+ 26. Kb1 Nh6 27. Bd6 Re8
28. Qh5 Qg3 29. Bd3 Nxe5 30. Rf1 Qe3 31. Bc5 Qg3 32. Bd6 Qg4 33. Qxg4 Nhxg4 34.
Re1 Re6 35. Bc7 Nxd3 36. Rxe6 Bxe6 37. cxd3 Bf5 38. Nc5 Ne3 39. g3 Nxc4 40. Kc1
Na3 41. Nxb7 Bxd3 42. Nd6 Nc2 43. Kd2 Bg6 44. Nb7 Nb4 45. a3 Nd5 46. Bd6 Bf5 47.
Nc5 Bc8 48. Kd3 f5 49. Kc4 Ne3+ 50. Kd3 Ng4 51. Kc4 Kf7 52. a4 g5 53. Kd5 Ne3+
54. Kc6 Nc4 55. Bb8 Ke7 56. Kc7 Nd6 57. Ba7 Be6 58. Nxa6 Nc4 59. Bd4 f4 60. gxf4
gxf4 61. Nb4 Ke8 62. Nd3 Bd7 63. Nc5 Bf5 64. Nb7 Be4 65. Nc5 Bf5 66. Kc6 f3 67.
Kd5 Na5 68. Bf2 Bc2 69. Ke5 Kd8 70. Be1 Kc8 71. Kf4 Nb7 72. Nxb7 Kxb7 1/2-1/2

[Event "37th World Junior Girls"]
[Site "New Delhi IND"]
[Date "2019.10.21"]
[Round "7.3"]
[White "Assaubayeva, Bibisara"]
[Black "Rakshitta, Ravi"]
[Result "1-0"]
[WhiteTitle "FM"]
[BlackTitle "WIM"]
[WhiteElo "2381"]
[BlackElo "2310"]
[WhiteFideId "13708694"]
[BlackFideId "25073230"]
[EventDate "2019.10.15"]

1. Nf3 Nf6 2. g3 e6 3. Bg2 d5 4. O-O Be7 5. c4 O-O 6. b3 d4 7. e3 c5 8. exd4
cxd4 9. d3 Nc6 10. Re1 Nd7 11. Ba3 Re8 12. Bxe7 Rxe7 13. Na3 e5 14. Nc2 a5 15.
Nd2 f5 16. Bd5+ Kh8 17. Nf3 Qe8 18. Qe2 Nf6 19. Bxc6 bxc6 20. Nxe5 Kg8 21. Nxd4
c5 22. Nb5 Ra6 23. d4 cxd4 24. Nxd4 Ng4 25. f4 Rd6 26. Rad1 Qd8 27. c5 Rxd4 28.
Qc4+ Rxc4 29. Rxd8+ 1-0

[Event "37th World Junior Girls"]
[Site "New Delhi IND"]
[Date "2019.10.21"]
[Round "7.4"]
[White "Divya, Deshmukh"]
[Black "Altantuya, Boldbaatar"]
[Result "1-0"]
[WhiteTitle "WIM"]
[BlackTitle "WFM"]
[WhiteElo "2358"]
[BlackElo "2277"]
[WhiteFideId "35006916"]
[BlackFideId "4902785"]
[EventDate "2019.10.15"]

1. e4 e6 2. d4 d5 3. Nd2 Nf6 4. e5 Nfd7 5. Ngf3 c5 6. c3 Nc6 7. Bd3 cxd4 8. cxd4
Qb6 9. O-O Nxd4 10. Nxd4 Qxd4 11. Nf3 Qb6 12. a3 a5 13. Qa4 Be7 14. Bb5 Qd8 15.
Qg4 g6 16. Bh6 Bf8 17. Qf4 Bxh6 18. Qxh6 Qe7 19. Qg7 Qf8 20. Qf6 Rg8 21. Rac1
Qe7 22. Qf4 Kf8 23. Rc7 g5 24. Qa4 g4 25. Nd4 Qd8 26. Rxd7 Bxd7 27. Bxd7 Ke7 28.
Bb5 Qb6 29. Qd1 a4 30. Qd2 Rac8 31. Qf4 Rg6 32. Bd3 f5 33. exf6+ Rxf6 34. Qxg4
Rcf8 35. Re1 h5 36. Qh4 Kd6 37. Qg3+ Ke7 38. h3 R8f7 39. Qh4 Kf8 40. Re2 Qd6 41.
Qxh5 e5 42. Rxe5 Rh6 43. Qe2 1-0

[Event "37th World Junior Girls"]
[Site "New Delhi IND"]
[Date "2019.10.21"]
[Round "7.6"]
[White "Antova, Gabriela"]
[Black "Arpita, Mukherjee"]
[Result "1-0"]
[WhiteTitle "FM"]
[BlackTitle "WIM"]
[WhiteElo "2318"]
[BlackElo "2271"]
[WhiteFideId "2915235"]
[BlackFideId "5056403"]
[EventDate "2019.10.15"]

1. d4 Nf6 2. c4 g6 3. Nf3 Bg7 4. g3 d6 5. Bg2 O-O 6. O-O Nbd7 7. Nc3 e5 8. e4 c6
9. h3 exd4 10. Nxd4 Qa5 11. Re1 Re8 12. Be3 Ne5 13. Bf1 Be6 14. Nxe6 Rxe6 15.
Kg2 Rae8 16. Rc1 Ned7 17. f3 a6 18. Qd2 h5 19. a3 Qd8 20. Rcd1 Qb8 21. Ne2 Ne5
22. Nf4 Nxf3 23. Kxf3 Nxe4 24. Qc1 R6e7 25. Bd3 Qc8 26. Kg2 h4 27. gxh4 Qf5 28.
Ne2 Qd7 29. Bd4 Bxd4 30. Nxd4 c5 31. Nf3 Qf5 32. Bxe4 Rxe4 33. Rxe4 Rxe4 34. Re1
Rxe1 35. Qxe1 Qc2+ 36. Qd2 Qxc4 37. Qxd6 Qe2+ 38. Kg3 Qxb2 39. Qxc5 b5 40. Qc8+
Kg7 41. Qxa6 b4 42. axb4 Qxb4 43. Qe2 f6 44. Qd2 Qb8+ 45. Qf4 Qb3 46. Qc7+ Kf8
47. h5 gxh5 48. Qc5+ Kg7 49. Qxh5 Qb8+ 50. Kh4 Qb6 51. Qg4+ Kf7 52. Nd4 Qb4 53.
Kh5 Qc5+ 54. Kh6 Qc1+ 55. Kh7 Qb1+ 56. Qf5 Qb7 57. Qg6+ Kf8+ 58. Kh8 Qb6 59. Nf5
Qe6 60. Qg7+ Ke8 61. Qg8+ 1-0

[Event "37th World Junior Girls"]
[Site "New Delhi IND"]
[Date "2019.10.21"]
[Round "7.7"]
[White "Olde, Margareth"]
[Black "Dordzhieva, Dinara"]
[Result "0-1"]
[WhiteTitle "WFM"]
[BlackTitle "WIM"]
[WhiteElo "2205"]
[BlackElo "2335"]
[WhiteFideId "4503082"]
[BlackFideId "24157570"]
[EventDate "2019.10.15"]

1. d4 d5 2. c4 e6 3. Nf3 c6 4. Qc2 Nf6 5. g3 dxc4 6. Qxc4 b5 7. Qc2 Bb7 8. Bg2
Nbd7 9. O-O c5 10. dxc5 Bxc5 11. Nc3 Rc8 12. a3 O-O 13. Qd3 a6 14. e4 Qc7 15.
Bd2 Rfd8 16. Qe2 Qb8 17. Rfd1 Qa8 18. Ng5 h6 19. Nh3 Bd4 20. Nf4 Nc5 21. e5 Bxg2
22. Nxg2 Nfe4 23. Be3 Bxe5 24. Rxd8+ Rxd8 25. Nxb5 Nb3 26. Re1 axb5 27. Bb6 Nd4
28. Qd3 Nc5 29. Bxc5 Nf3+ 30. Qxf3 Qxf3 31. Rxe5 Rd5 32. Rxd5 Qxd5 33. Bb4 Qd1+
34. Ne1 e5 35. Bc3 f6 36. Kg2 Kf7 37. Nf3 Qd5 38. g4 h5 39. gxh5 e4 40. Nd4 e3+
41. f3 Qxh5 42. h3 Qg5+ 43. Kf1 f5 44. Ke2 f4 45. Kd3 Qg6+ 46. Ke2 Qh5 47. Nc6
Qxh3 48. Ne5+ Ke6 49. Nd3 Qg2+ 0-1

[Event "37th World Junior Girls"]
[Site "New Delhi IND"]
[Date "2019.10.21"]
[Round "7.8"]
[White "Solozhenkina, Elizaveta"]
[Black "Chitlange, Sakshi"]
[Result "1-0"]
[WhiteTitle "WIM"]
[BlackTitle "WIM"]
[WhiteElo "2283"]
[BlackElo "2175"]
[WhiteFideId "34106615"]
[BlackFideId "35002899"]
[EventDate "2019.10.15"]

1. d4 Nf6 2. c4 e6 3. Nf3 Bb4+ 4. Bd2 Qe7 5. g3 Nc6 6. Nc3 O-O 7. Bg2 Na5 8. b3
b6 9. Ne5 Bb7 10. Bxb7 Nxb7 11. O-O c5 12. a3 Bxc3 13. Bxc3 d5 14. cxd5 Nxd5 15.
Bb2 Rac8 16. dxc5 Nxc5 17. b4 Ne4 18. Qd3 Ndf6 19. Rfd1 h6 20. f3 Ng5 21. h4
Ngh7 22. Kg2 Nd5 23. e4 Rc2+ 24. Rd2 Rxd2+ 25. Qxd2 Ndf6 26. Nc6 Qb7 27. b5 Re8
28. Rd1 a6 29. a4 axb5 30. axb5 Ra8 31. Kh3 Ne8 32. Qb4 Nf8 33. Ba3 Nh7 34. Rd3
Kh8 35. g4 Qc7 36. Qd2 Nhf6 37. Kg2 Kh7 38. Bc1 Ra1 39. Ba3 Rb1 40. Qc2 Rxb5 41.
e5 g6 42. exf6 Nxf6 43. Nd4 Qxc2+ 44. Nxc2 Nd5 45. Kf2 Rb1 46. Ne3 Nxe3 47. Kxe3
g5 48. h5 Kg7 49. Be7 b5 50. Rd8 b4 51. Rb8 b3 52. Kf2 Rb2+ 53. Kg3 Rb1 54. Bf8+
Kh7 55. Bd6 f6 56. Rb7+ Kg8 57. Be7 f5 58. Ba3 fxg4 59. fxg4 Rg1+ 60. Kf3 Rf1+
61. Ke4 Re1+ 62. Kd4 Rg1 63. Ke5 Rxg4 64. Kf6 Ra4 65. Kg6 Ra8 66. Bb2 e5 67.
Bxe5 g4 68. Bf6 g3 69. Rh7 1-0

[Event "37th World Junior Girls"]
[Site "New Delhi IND"]
[Date "2019.10.21"]
[Round "7.10"]
[White "Diakonova, Ekaterina"]
[Black "Sapale, Saloni"]
[Result "1/2-1/2"]
[BlackTitle "WIM"]
[WhiteElo "2231"]
[BlackElo "2142"]
[WhiteFideId "24172936"]
[BlackFideId "5085527"]
[EventDate "2019.10.15"]

1. e4 Nf6 2. e5 Nd5 3. c4 Nb6 4. d4 d6 5. exd6 cxd6 6. Nc3 g6 7. Be3 Bg7 8. Rc1
O-O 9. b3 e5 10. dxe5 dxe5 11. Qxd8 Rxd8 12. c5 N6d7 13. Bc4 Nc6 14. Nf3 h6 15.
O-O Nf8 16. Nb5 Be6 17. Nd6 Bxc4 18. Rxc4 Rd7 19. b4 Ne6 20. Re1 Rad8 21. Bc1 b6
22. Ba3 Ncd4 23. Nxd4 Nxd4 24. h3 Rc7 25. Rcc1 f5 26. Nc4 bxc5 27. Nxe5 Nb5 28.
Bb2 cxb4 29. Rxc7 Nxc7 30. Nc6 Rd7 31. Bxg7 Kxg7 32. Nxb4 Kf6 33. Rc1 Ne6 34.
Rc6 a5 35. Na6 Rd1+ 36. Kh2 Ke5 37. Nc5 Nxc5 38. Rxc5+ Rd5 39. Rc6 Rd6 40. Rc5+
Rd5 41. f4+ Ke6 42. Rc4 Kd7 43. Rc3 Rd4 44. Kg3 Ra4 45. a3 Kd6 46. Kf3 Kd5 47.
Re3 Kc6 48. Re6+ Kd5 49. Rxg6 Rxa3+ 50. Kf2 Ke4 51. Rxh6 Ra2+ 52. Kg3 Ra3+ 53.
Kh4 Kxf4 54. Ra6 Rg3 55. Rxa5 Rxg2 1/2-1/2

[Event "37th World Junior Girls"]
[Site "New Delhi IND"]
[Date "2019.10.21"]
[Round "7.12"]
[White "Zhu, Jiner"]
[Black "Priyanka, K"]
[Result "1/2-1/2"]
[WhiteTitle "WIM"]
[WhiteElo "2507"]
[BlackElo "2173"]
[WhiteFideId "8608059"]
[BlackFideId "5082986"]
[EventDate "2019.10.15"]

1. e4 c5 2. Nf3 d6 3. d4 cxd4 4. Nxd4 Nf6 5. Nc3 a6 6. Be3 e5 7. Nf3 Be7 8. Bc4
O-O 9. O-O Nc6 10. Bb3 Be6 11. Bg5 Nd7 12. Bxe7 Qxe7 13. Qe2 Rac8 14. Rfd1 Rfd8
15. Rd2 Nf6 16. Rad1 Na5 17. Nd5 Nxd5 18. Bxd5 b5 19. c3 Nc4 20. Bxc4 Bxc4 21.
Qe3 Qc7 22. h3 f6 23. b3 Be6 24. Rd3 Rd7 25. Nd2 Rcd8 26. c4 bxc4 27. Nxc4 d5
28. Qb6 Qxb6 29. Nxb6 Rd6 30. Nxd5 Bxd5 31. Rxd5 Rxd5 32. Rxd5 Rxd5 33. exd5 Kf7
34. Kf1 Ke7 35. Ke2 Kd6 36. Kd3 Kxd5 37. g4 Kc5 38. a3 Kd5 39. f3 g6 40. b4 h6
41. h4 h5 42. a4 Kd6 43. Ke4 Ke6 44. Ke3 Kd5 45. Kd3 Kd6 46. f4 exf4 47. gxh5
gxh5 48. Ke4 f3 49. Kxf3 Kd5 50. Kf4 Kc4 51. Kf5 Kxb4 52. Kg6 Kxa4 53. Kxh5 Kb3
54. Kg6 a5 55. h5 a4 56. h6 a3 57. h7 a2 58. h8=Q a1=Q 59. Qxf6 Qxf6+ 60. Kxf6 1/2-1/2

[Event "37th World Junior Girls"]
[Site "New Delhi IND"]
[Date "2019.10.21"]
[Round "7.15"]
[White "Gomez Barrera, Javiera Belen"]
[Black "Li, Yunshan"]
[Result "0-1"]
[WhiteTitle "WIM"]
[BlackTitle "WFM"]
[WhiteElo "2033"]
[BlackElo "2289"]
[WhiteFideId "3418723"]
[BlackFideId "8607664"]
[EventDate "2019.10.15"]

1. e4 c5 2. Nf3 e6 3. d4 cxd4 4. Nxd4 Nc6 5. Nc3 Qc7 6. Be3 a6 7. Qf3 b5 8. Qg3
Qxg3 9. hxg3 Bb7 10. Nxc6 Bxc6 11. Bd3 Nf6 12. f3 Bb4 13. Kf2 d6 14. Rh4 Nd7 15.
Rah1 h6 16. g4 f6 17. Rd1 Ke7 18. Ne2 Nc5 19. Nd4 Bb7 20. Be2 Na4 21. c3 Ba5 22.
Nb3 Bd8 23. Rd2 Rc8 24. Rh1 d5 25. Rhd1 Kf7 26. f4 Be7 27. exd5 Bxd5 28. Bf3 b4
29. Bxd5 bxc3 30. Rd4 Nxb2 31. Be4 Nxd1+ 32. Rxd1 Ba3 33. Bc2 Rhd8 34. Ke2 g5
35. fxg5 hxg5 36. Rh1 Rh8 37. Rxh8 Rxh8 38. Bd4 Bb2 39. Nc5 a5 40. Na4 Rd8 41.
Bxc3 Rc8 42. Kd3 Rd8+ 43. Ke2 Bxc3 44. Nxc3 Rd4 45. Be4 Ke7 46. Ke3 Rb4 47. Kd3
Kd6 48. a3 Rb2 49. Kd4 Rf2 50. Bf3 f5 51. Nb5+ Ke7 52. gxf5 exf5 53. Ke5 g4 54.
Bd5 f4 55. Nd4 Rf1 56. a4 Ke8 57. Bc6+ Kf7 58. Bd5+ Kg6 59. Be4+ Kh5 60. Ne6 f3
61. gxf3 gxf3 62. Kf4 f2 63. Ng7+ Kh4 64. Nf5+ Kh3 65. Ne3 Ra1 66. Bg2+ Kh2 67.
Kf3 Kg1 68. Bf1 Rxf1 0-1